000 00491nam a2200217 454500
001 083279
003 BD-ChCU
008 Eng
020 _ax
040 _aDLC
_cDLC
_dBD-ChCU
082 0 0 _a181.4/NAE
100 1 _aNaravane,V.S.
_bx
245 1 0 _aThe elephant & the lotus
_bEssays in philosophy --
250 _ax
260 _aBombay,
_bAsia
_c1965
300 _axii,261p,
504 _a
650 0 _aPhilosophy-India.
_bPhilosophy-India
700 1 _ax
942 _2ddc
_cBK
999 _c83279
_d83279